00406pab a2200133 454500008004000000100002800040245010100068260000900169300001100178362001200189650003500201650002200236773001400258180718b2007 xxu||||| |||| 00| 0 eng d aKhan, Mohammad Mohabbat aState of urban governance in Bangladesh: politics, service delivery and prescriptions for reform c2007 ap.1-6. aJan-Mar aUrban development - Bangladesh aUrban development aNagarlokl